| 000 | 01068nam a22002537a 4500 | ||
|---|---|---|---|
| 999 |
_c65465 _d65465 |
||
| 005 | 20240530110826.0 | ||
| 008 | 190805s2018 ua a g b 000 0 ara d | ||
| 017 |
_a2018/8149 _bمصر . دار الكتب المصرية |
||
| 020 | _a9789779112572 | ||
| 040 | _aEG-CaGPL | ||
| 082 | 0 | 4 |
_221 _a658.7\ _bأ إ |
| 100 | 0 | _aاحمد ابوالحسن عثمان | |
| 245 | 1 | 0 |
_aادارة المهمات فى المنشأة الصناعية : _bدراسة تطبيقية على المشروعات البترولية / _cاحمد ابوالحسن عثمان |
| 250 | _aط.1 | ||
| 260 |
_aالقاهرة : _bالهيئة المصرية العامة للكتاب، _c2018 |
||
| 300 |
_a198 ص. : _bايض. ؛ _c24 سم. |
||
| 504 | _aيشتمل على ارجاعات ببليوجرافية | ||
| 650 | 0 | 7 | _aالادارة الصناعية |
| 650 | 0 | 7 |
_aالبترول _xصناعة وتجارة |
| 650 | 0 | 7 |
_aالبترول _xاجهزة ومعدات |
| 650 | 0 | 7 |
_aالمنشات _xادارة |
| 942 |
_2ddc _cBK |
||